| 000 | 01130cam a2200337 a 4500 | ||
|---|---|---|---|
| 001 | 60040 | ||
| 003 | CO-BoRNBP | ||
| 005 | 20251201162015.0 | ||
| 007 | ta | ||
| 008 | 021029s1998 sp a jr 00010 spa d | ||
| 020 | _a8427220553 | ||
| 040 |
_ala _cla |
||
| 041 | 1 |
_aspa _heng |
|
| 082 | 0 | 4 |
_a523.1 _bP67e _219 ed. |
| 100 | 1 |
_aPoskitt, Kjartan. _967612 |
|
| 245 | 1 | 0 |
_aEsa inmensa galaxia / _cKjartan Poskitt ; ilustrado por Daniel Postgate ; traducción Conchita Peraire del Molino. |
| 250 | _a1a. edición | ||
| 300 |
_a159 p. : _bil. ; _c19 cm. |
||
| 336 |
_2rdacontent _atexto _btxt |
||
| 337 |
_2rdamedia _asin mediación _bn |
||
| 338 |
_2rdacarrier _avolumen _bnc |
||
| 534 | _tThe gobsmacking galaxy. | ||
| 650 | 7 |
_aAstronomía _x Enseñanza primaria. _2BLAAUTO _967613 |
|
| 650 | 7 |
_aPlanetas _x Enseñanza primaria. _2BLAAUTO _967614 |
|
| 650 | 7 |
_aSistema solar _x Enseñanza primaria. _2BLAAUTO _967615 |
|
| 650 | 7 |
_aGalaxias _x Enseñanza primaria. _2BLAAUTO _967616 |
|
| 700 | 1 |
_aPostgate, Daniel, _eil. _967617 |
|
| 700 | 1 |
_aPeraire del Molino, Conchita, _etr. _967618 |
|
| 942 |
_2ddc _cBK |
||
| 949 |
_an _bn |
||
| 999 |
_c60040 _d60040 |
||